ECOUR '85 2 : 4. konferencia o ekológii a urbanizme : zborník prednášok : Žilina 26.-28.11.1985

Salvato in:
Dettagli Bibliografici
Natura: Libro
Lingua:slovacco
Pubblicazione: Žilina Dom techniky ČSVTS 1985
Tags: Aggiungi Tag
Nessun Tag, puoi essere il primo ad aggiungerne!!

MARC

LEADER 00000nam a2200000 4500
001 c104135
005 20221128065638.1
041 0 |a slo 
044 |a SK 
245 1 0 |a ECOUR '85  |b 2 : 4. konferencia o ekológii a urbanizme : zborník prednášok : Žilina 26.-28.11.1985 
264 1 |a Žilina  |b Dom techniky ČSVTS  |c 1985 
300 |a S. 287-433